00281nam a22000977a 4500008004100000082001700041100000800058245008100066260001600147300002000163230704b xxu||||| |||| 00| 0 eng d a343.099bICJ cICJ aAnnual Parliamentary Human Rights Workshop ReportbMedia Regulation in Kenya aKenyac2006 avarrious paging